| 000 | 01281cam a22003377a 4500 | ||
|---|---|---|---|
| 003 | CHAP | ||
| 005 | 20220329141536.0 | ||
| 008 | 971013s1988 r 00010 d | ||
| 010 | _a69884 | ||
| 011 | _a70856 | ||
| 035 | _a80409 | ||
| 040 | _cCHAP | ||
| 090 | _aTesis | ||
| 100 | 0 | 0 |
_aLópez Velázquez, Fredy. _968403 |
| 245 | 0 | _aEstructura y comportamiento de la producción agrícola mundial de tomate en el período 1961 - 1986 | |
| 260 |
_aChapingo, Méx. : _bEl autor, _c1988 |
||
| 300 | _ac.a 121 h. | ||
| 502 | _aTesis (Ing. Agrónomo Esp. en Economía Agrícola) -- UACH. Departamento de Economía Agrícola | ||
| 590 |
_aALEPH _b10 _c20130110 _lUCH01 _h1409 |
||
| 590 |
_aBATCH-UPD _b10 _c20130110 _lUCH01 _h0735 |
||
| 590 |
_aBATCH-UPD _b10 _c20130410 _lUCH01 _h0418 |
||
| 590 |
_aBATCH-UPD _b10 _c20130914 _lUCH01 _h1734 |
||
| 590 |
_aCONVERSION _b10 _c20130109 _lUCH01 _h1338 |
||
| 650 | 1 | 4 |
_aTomate _xMercadeo. _9113738 |
| 650 | 1 | 4 |
_aTomate _xRendimiento. _9113761 |
| 710 | 0 |
_aUACH. Departamento de Economía Agrícola. Programa de Investigación sobre el uso del Microcomputador PC en el Análisis de Economía. _9115864 |
|
| 901 | _aBK | ||
| 942 | _cFOLL | ||
| 949 |
_bBC _cTES _d-33311 _eTS1 _h20640 _i80409 _si |
||
| 949 |
_bBC _cTES _d-94908 _eTS2 _fc.2 _h20647 _i80409 _si |
||
| 999 |
_c69884 _d69884 |
||